Bài tập toán học cao cấp

Các bài tập về số thực, hàm số một biến, số thực, giới hạn và sự liên tục của hàm số một biến số. Các định lí về giá trị trung bình. Nguyên hàm và tích phân.

Sparad:
Bibliografiska uppgifter
Huvudupphovsman: Nguyễn, Đình Trí
Materialtyp: Bok
Språk:Undetermined
Publicerad: Hà Nội Giáo dục 2006
Ämnen:
Taggar: Lägg till en tagg
Inga taggar, Lägg till första taggen!
Thư viện lưu trữ: Trung tâm Học liệu Trường Đại học Cần Thơ
LEADER 00902nam a2200217Ia 4500
001 CTU_122289
008 210402s9999 xx 000 0 und d
020 |c 14600 
082 |a 515.076 
082 |b Tr300/T.2 
100 |a Nguyễn, Đình Trí 
245 0 |a Bài tập toán học cao cấp 
245 0 |c Chủ biên: Nguyễn Đình Trí ; Tạ Văn Đĩnh , Nguyễn Hồ Quỳnh 
260 |a Hà Nội 
260 |b Giáo dục 
260 |c 2006 
520 |a Các bài tập về số thực, hàm số một biến, số thực, giới hạn và sự liên tục của hàm số một biến số. Các định lí về giá trị trung bình. Nguyên hàm và tích phân. 
650 |a Mathematics 
650 |x Problems, exercises 
904 |i Giang 
980 |a Trung tâm Học liệu Trường Đại học Cần Thơ